000 00237nam a2200097Ia 4500
001 772276
005 20250826165730.0
008 250824s9999 xx 000 0 und d
245 0 _aKIYI KİTABI
_cECE TEMELKURAN
260 _bEVEREST YAYINLARI
999 _c772276
_d772276